Προσδοκίες αλλοδαπών μαθητών και αλλοδαπών γονέων από το Ελληνικό εκπαιδευτικό σύστημα : διπλωματική εργασία [μεταπτυχιακή εργασία]
Saved in:
| Main Author: | |
|---|---|
| Corporate Author: | |
| Other Authors: | |
| Format: | Thesis Book |
| Language: | Greek |
| Published: |
2009
|
| Subjects: | |
| Tags: |
Add Tag
No Tags, Be the first to tag this record!
|
MARC
| LEADER | 00000cam a2200000 i 4500 | ||
|---|---|---|---|
| 001 | 1/13235 | ||
| 008 | 110524s2009 gre d | ||
| 035 | |l 10110118 | ||
| 040 | |a GR-MY-UA |b gre |e aacr | ||
| 041 | 0 | |a gre | |
| 082 | 0 | |a 371.826 |2 (22) | |
| 100 | 1 | |a Τάκης, Παναγιώτης. | |
| 245 | 1 | 0 | |a Προσδοκίες αλλοδαπών μαθητών και αλλοδαπών γονέων από το Ελληνικό εκπαιδευτικό σύστημα : |b διπλωματική εργασία [μεταπτυχιακή εργασία] / |c Τάκης Παναγιώτης ; επιβλέπων: Γκόβαρης Χρήστος |
| 260 | |c 2009 | ||
| 300 | |a 115 σ.; |b πιν.; |c 30 εκ. | ||
| 500 | |a Μέλη εξεταστικής επιτροπής: Κόνσολας Εμμανουήλ, Σταμάτης Παναγιώτης | ||
| 502 | # | # | |a Διατριβή (μεταπτυχιακή) – Πανεπιστήμιο Αιγαίου, Ρόδος, 2009. |
| 504 | |a Βιβλιογραφία: σ. 105-108 | ||
| 650 | 0 | 0 | |a Racism in education |z Greece. |
| 650 | 0 | 0 | |a Children of immigrants |x Education. |
| 650 | 0 | 0 | |a Dissertations, Academic |z Greece. |
| 700 | 1 | |a Γκόβαρης, Χρήστος. |4 ths | |
| 710 | 2 | |a Πανεπιστήμιο Αιγαίου |b Σχολή Ανθρωπιστικών Επιστημών |b Τμήμα Επιστημών της Προσχολικής Αγωγής και του Εκπαιδευτικού Σχεδιασμού |b Πρόγραμμα Μεταπτυχιακών Σπουδών Μοντέλα Σχεδιασμού και Ανάπτυξης Εκπαιδευτικών Μονάδων . | |
| 852 | |a INST |b RHODES |c DIATR |e 20110524 |h 371.826 ΤΑΚ |p 005400032898 |q 005400032898 |t MTXE |y 23 | ||
| 852 | |a INST |b RHODES |c DIATR |e 20110524 |h 371.826 ΤΑΚ |p 005400032899 |q 005400032899 |t MTXE |y 23 | ||
| 901 | |a BIBL4-2011-2 | ||
| 909 | |a Ρ |b 163391 | ||
| 909 | |a Ρ |b 163392 | ||
| 924 | |a ΤΑΚΗΣ |b ΠΑΝΑΓΙΩΤΗΣ |y ΡΟΔΟΣ |z 2010-07 | ||
| 970 | |z 2010/05/ | ||